A Closer Look at Alfred Radok's Film "Distant Journey"
| Titel: | A Closer Look at Alfred Radok's Film "Distant Journey" / Jan Láníček, Stuart Liebman |
|---|---|
| Verfasser: | ; |
| In: |
Holocaust and genocide studies, Band 30, Heft 1 (2016), Seite 53-80 alle Artikel anzeigen |
| Veröffentlicht: | 2016 |
| Umfang: | Illustrationen |
| Format: | Aufsatz |
| Sprache: | Englisch |
X
alg: 43190164
001A $03025:23-05-18
001B $01999:26-07-19 $t15:34:01.000
001C $03025:23-05-18 $t16:19:26.000
001D $03025:23-05-18
001U $0utf8
001X $00
002@ $0Oou
002C $aText $btxt $2rdacontent
002D $aComputermedien $bc $2rdamedia
002E $aOnline-Ressource $bcr $2rdacarrier
003@ $0431901643
004P $010.1093/hgs/dcw005
007A $0431901643 $aHEB
010@ $aeng
010E $erda
011@ $a2016
021A $aA @Closer Look at Alfred Radok's Film "Distant Journey" $hJan Láníček, Stuart Liebman
028A $BVerfasser $#Lanicek, Jan $4aut $71045768669 $8Láníček, Jan$Z1981- [Tp3] $933483337X
028C $BVerfasser $#Liebman, Stuart Elliott $4aut $713291011X $8Liebman, Stuart [Tp3] $9186174756
031A $d30 $e1 $h53-80 $j2016
034M $aIllustrationen
039B $aEnthalten in $8--Obvc--. Holocaust and genocide studies. - Oxford {[u.a.] : Oxford Univ. Press, 1986-. - Online-Ressource. - ISSN 1476-7937 $x201600000300001947 $910488908X
044K $#Radok, Alfred $7119313243 $8Radok, Alfréd$Z1914-1976 [Tp1] $9087653079
044K $RAudiovisuelles Material $#Cinematography $#Motion pictures $#Cinéma $#Películas cinematográficas $#Cine $#films $#Motion Pictures $#Film $#Film $#Kino Film $#Filmaufnahme $74017102-4 $8Film [Tsz] $9085039985
044K $RJudenverfolgung $RNationalsozialistisches Verbrechen $RVernichtungslager $#Holocaust, Jewish (1939-1945) $#Shoah $#Holocausto judío (1939-1945) $#Endlösung $#Holocaust $#Holokaust $#Judenfrage Endlösung $#Schoah $#Shoah $#Shoʾah $#Shoa $#Drittes Reich Judenvernichtung $#Šô'ā $#Juden Vernichtung $74073091-8 $8Judenvernichtung [Ts1] $9085205818
045T $aROM $qDE-5 $2FID
045T $aROM $qDE-18 $2FID
045T $aJUDAICA $qDE-30 $2FID
045T $aINTRECHT $qDE-1a $2FID
045T $aKRIM $qDE-21 $2FID
045T $a2,1
lok: 43190164 78
exp: 43190164 78 1 #EPN
201B/01 $023-05-18 $t16:14:51.000
201C/01 $023-05-18
201U/01 $0utf8
203@/01 $01022421352
204P/01 $010.1093/hgs/dcw005
208@/01 $a23-05-18 $be
209A/01 $a/ $f000 $x00
209A/01 $ab*p $x01
220C/01 $apgar
244Z/01 $#Generalgouvernement Polen $#Polska $#Rzeczpospolita Polska $#Polska Rzeczpospolita Ludowa $#Poland $#Pologne $#République Polonaise $#Generalne Gubernatorstwo w Polsce $#Polish People's Republic $#Polska Rzeczpospolita Polen $#PRL $#RP $#Polen Generalgouvernement $#Polska Generalgouvernement $#Besetzte Polnische Gebiete $#Besetztes Gebiet in Polen $#Okupowane Polskie Obszary $#Obszary Okupowane w Polsce $#Volksrepublik Polen $#Polska Rosyjska $#Republic Polen $#Respublika Pol'ša $#Pol'skaja Narodnaja Respublika $#République de Pologne $#Polen Links der Weichsel $#Polska po Lewej Stronie Wisły $#Lenkija $#Polija $#Gubernija Carstva Pol'skago $#Republik Polen $74046496-9 $8--Tg1--Polen $x01 $9085129801
244Z/01 $#Böhmische Kronländer $#Länder der Böhmischen Krone $#Sudetenland $#Böhmen $#Mähren $#Mährisch-Schlesien $#Österreichisch-Schlesien $#Tschechische Sozialistische Republik Böhmische Länder $#Tschechei Böhmische Länder $#Země koruny české $74069573-6 $8--Tg1--Böhmische Länder $x02 $9085195553
244Z/01 $#Ostmitteleuropa $#Ostmitteleuropa $#Mitteleuropa, Ost $#Central Europe Ostmitteleuropa $#Mittelosteuropa $74075753-5 $8--Tg1--Ostmitteleuropa $x03 $9085214485
244Z/01 $#Tschechoslowakei $#Tschechoslowakei $#Tschechische und Slowakische Föderative Republik $#République Tchéco-Slovaque $#Tchécoslovaquie $#Československá Federativní Republika $#Česká a Slovenská Federativní Republika $#Czech and Slovak Federal Republic $#ČSFR $#ČSSR $#ČSR $#RČS $#Československo $#Československá Socialistická Republika $#Československá Republika $#Tschechoslowakische Sozialistische Republik $#Tschechoslowakische Republik $#Tschechoslowakische Föderative Republik $#Republika Československá $#Czechoslovakia $#Čechoslovakische Republik $#République Tchécho-Slovaque $#Tchéchoslovaquie $#Czechoslovak Socialist Republic $#Checoeslovaquia $#Cecoslovacchia $#Čechoslovakija $#République tchécoslovaque $74078435-6 $8--Tg1--Tschechoslowakei $x04 $9085222305
247C/01 $82080>Marburg/Lahn, Herder-Institut, Forschungsbibliothek, Bibliographieportal $9336309341
| LEADER | 00000caa a2200000 c 4500 | ||
|---|---|---|---|
| 001 | 431901643 | ||
| 003 | DE-603 | ||
| 005 | 20190726153401.0 | ||
| 007 | cr|||||||||||| | ||
| 008 | 180523s2016 xx |||| o| u00||u|eng c | ||
| 024 | 7 | |a 10.1093/hgs/dcw005 |2 doi | |
| 035 | |a (DE-599)HEB431901643 | ||
| 040 | |a DE-603 |b ger |c DE-603 |d DE-603 |e rda | ||
| 041 | |a eng | ||
| 084 | |a ROM |q DE-5 |2 fid | ||
| 084 | |a ROM |q DE-18 |2 fid | ||
| 084 | |a JUDAICA |q DE-30 |2 fid | ||
| 084 | |a INTRECHT |q DE-1a |2 fid | ||
| 084 | |a KRIM |q DE-21 |2 fid | ||
| 084 | |a 2,1 |2 ssgn | ||
| 100 | 1 | |a Láníček, Jan |d 1981- |e Verfasser |4 aut |0 (DE-603)33483337X |0 (DE-588)1045768669 |2 gnd | |
| 245 | 0 | 0 | |a A Closer Look at Alfred Radok's Film "Distant Journey" |c Jan Láníček, Stuart Liebman |
| 264 | 0 | |c 2016 | |
| 300 | |b Illustrationen | ||
| 336 | |a Text |b txt |2 rdacontent | ||
| 337 | |a Computermedien |b c |2 rdamedia | ||
| 338 | |a Online-Ressource |b cr |2 rdacarrier | ||
| 600 | 1 | 7 | |a Radok, Alfréd |d 1914-1976 |0 (DE-588)119313243 |0 (DE-603)087653079 |2 gnd |
| 650 | 7 | |a Film |0 (DE-588)4017102-4 |0 (DE-603)085039985 |2 gnd | |
| 650 | 7 | |a Judenvernichtung |0 (DE-588)4073091-8 |0 (DE-603)085205818 |2 gnd | |
| 700 | 1 | |a Liebman, Stuart |e Verfasser |4 aut |0 (DE-603)186174756 |0 (DE-588)13291011X |2 gnd | |
| 773 | 0 | 8 | |i Enthalten in |t Holocaust and genocide studies |d Oxford [u.a.] : Oxford Univ. Press, 1986- |h Online-Ressource |x 1476-7937 |g Band 30, Heft 1 (2016), Seite 53-80 |w (DE-603)10488908X |w (DE-600)2079719-9 |
| 924 | 1 | |9 2080 |a (DE-603)1022421352 |b DE-2080 |c HES |d d |g / | |


